| 000 -ლიდერი |
| ფიქსირებული სიგრძის საკონტროლო ველი |
00978nam a22002297a 4500 |
| 003 - საკონტროლო ნომრის იდენტიფიკატორი |
| საკონტროლო ველი |
Ge_BSU |
| 005 - ბოლო ოპერაციის თარიღი და დრო |
| საკონტროლო ველი |
20260415165139.0 |
| 008 - ფიქსირებული სიგრძის მონაცემთა ელემენტები - ზოგადი ინფორმაცია |
| ფიქსირებული სიგრძის საკონტროლო ველი |
260415s2009 ge ||||| |||| 00| 0 geo d |
| 020 ## - წიგნის საერთაშორისო სტანდარტული ნომერი |
| International Standard Book Number |
9789941907609 |
| 041 ## - ენის კოდი |
| Language code of text/sound track or separate title |
geo |
| 080 ## - უნივერსალური ათობითი კლასიფიკაციის ინდექსი |
| Universal Decimal Classification number |
338.22(075.8) კ-17 |
| 100 ## - მთავარი ჩანაწერი - პიროვნების სახელი |
| Personal name |
კაკაბაძე, ვ. |
| 9 (RLIN) |
522 |
| 245 ## - ცნობა სათაურის შესახებ |
| Title |
ბიზნესი : |
| Remainder of title |
პრინციპები და მიმართულებები / |
| Statement of responsibility, etc |
ავტორები : ვ. კაკაბაძე, ზ. კანდელაკი, თ. ჯოლბორდი. |
| 264 ## - წარმოების, გამოცემის, დისტრიბუციის და სხვა ცნობები |
| გამოცემის, წარმოების, დისტრიბუციის... ადგილი |
თბილისი : |
| გამოცემის, წარმოების, დისტრიბუციის... სახელწოდება |
ბარტონი, |
| გამოცემის, წარმოების, დისტრიბუციის... თარიღი |
2009. |
| 300 ## - ფიზიკური აღწერა |
| Extent |
557 გვ.; |
| Other physical details |
29 სმ. |
| 504 ## - BIBLIOGRAPHY, ETC. NOTE |
| Bibliography, etc |
ბიბლიოგრ. გვ. 543-556 |
| 653 ## - INDEX TERM--UNCONTROLLED |
| Uncontrolled term |
ბიზნესი |
| 653 ## - INDEX TERM--UNCONTROLLED |
| Uncontrolled term |
კონომიკა |
| 700 ## - ADDED ENTRY--PERSONAL NAME |
| Personal name |
კანდელაკი, ზ. |
| Relator term |
ავტორი |
| 9 (RLIN) |
27321 |
| 700 ## - ADDED ENTRY--PERSONAL NAME |
| Personal name |
ჯოლბორდი, თ. |
| Relator term |
ავტორი |
| 9 (RLIN) |
27322 |
| 942 ## - ADDED ENTRY ELEMENTS (KOHA) |
| Source of classification or shelving scheme |
|
| Koha item type |
წიგნი |